000 00393nam a2200133Ia 4500
005 20260326235506.0
008 260326s9999||||xx |||||||||||||| ||und||
100 _aGonzález Lobo ,Carlos
245 0 _aVivienda y Ciudad posibles :
_b Tecnologías para Vivienda de interes Social /
_cCarlos González Lobo
260 _bEscala
300 _a229 p.
650 _aVIVIENDA ECONÓMICA
942 _cBK
999 _c8202
_d8202